| 000 | 03820cam a22004334a 4500 | ||
|---|---|---|---|
| 005 | 20040915090630.0 | ||
| 008 | 030804s2004 nyu | 00| f eng | ||
| 010 | _aB-311119-133 | ||
| 020 |
_a9788172235635 _c295.00 |
||
| 020 |
_a8172235631 _c295.00 |
||
| 035 | _aB-311119-133 | ||
| 037 | _bPansy Books | ||
| 040 |
_adpl _bEnglish |
||
| 082 | _aN | ||
| 100 | _aCoelho, Paulo | ||
| 245 |
_aEleven minutes : _ba novel / _cPaulo Coelho ; translated from the Portuguese by Margaret Jull Costa. |
||
| 260 |
_aLondon _bHarperCollins Publishers _c2008 |
||
| 270 |
_a77-85 Fullam Palace Road, Hammersmith _bLondon _eW6 8JB |
||
| 300 |
_aXI,275 p. _c22 cm.(pbk) |
||
| 700 | _aCosta, Margaret Jull | ||
| 942 |
_2ddc _cEN _hN _mCOE |
||
| 999 |
_c15877 _d15877 |
||